[Event "Noale Szabados Memorial-B 5th"]
[Site "Noale"]
[Date "2012.02.05"]
[Round "5"]
[White "Cedriano, Filippo"]
[Black "Rizzo, Giuseppe"]
[Result "1-0"]
[WhiteElo "1982"]
[BlackElo "1737"]
[PlyCount "83"]
[EventDate "2012.02.03"]
[EventType "swiss"]
[EventRounds "5"]
[EventCountry "ITA"]
[SourceTitle "EXT 2022"]
[Source "ChessBase"]
[SourceDate "2021.10.06"]
[SourceVersion "1"]
[SourceVersionDate "2021.10.06"]
[SourceQuality "1"]

1. e4 Nf6 2. e5 Nd5 3. d4 d6 4. c4 Nb6 5. exd6 cxd6 6. Bd3 g6 7. Ne2 Bg7 8. Be3 Nc6 9. a3 0-0 10. Nbc3 e5 11. d5 Nd4 12. 0-0 Bf5 13. Bxd4 exd4 14. Nb5 Qg5 15. Bxf5 Qxf5 16. Nbxd4 Qd7 17. Rc1 Na4 18. b3 Nc5 19. b4 Ne4 20. Qd3 Rfe8 21. Nf3 b6 22. Ned4 g5 23. Nd2 Nxd2 24. Qxd2 h6 25. Rfe1 Qg4 26. Nf3 Rac8 27. Rxe8+ Rxe8 28. h3 Qc8 29. Qc2 g4 30. hxg4 Qxg4 31. c5 bxc5 32. bxc5 dxc5 33. Qxc5 Qf4 34. Rd1 Qb8 35. d6 Bf8 36. Rd4 Re6 37. Rg4+ Kh8 38. Ne5 Rf6 39. Qd4 Qb1+ 40. Kh2 Bxd6 41. f4 Qb7 42. Ng6+ 1-0

[Event "Noale Szabados Memorial-B 5th"]
[Site "Noale"]
[Date "2012.02.05"]
[Round "4"]
[White "Rizzo, Giuseppe"]
[Black "Tissino, Tiziano"]
[Result "1-0"]
[WhiteElo "1737"]
[BlackElo "1440"]
[PlyCount "57"]
[EventDate "2012.02.03"]
[EventType "swiss"]
[EventRounds "5"]
[EventCountry "ITA"]
[SourceTitle "EXT 2022"]
[Source "ChessBase"]
[SourceDate "2021.10.06"]
[SourceVersion "1"]
[SourceVersionDate "2021.10.06"]
[SourceQuality "1"]

1. d4 Nf6 2. Nf3 d5 3. e3 e6 4. Bd3 c5 5. b3 Nc6 6. Bb2 Bd6 7. Nbd2 0-0 8. 0-0 a6 9. Ne5 Bxe5 10. dxe5 Nd7 11. f4 f5 12. exf6 Nxf6 13. a4 Ne7 14. Qf3 Qe8 15. g4 g6 16. h3 Bd7 17. Qg3 b5 18. axb5 axb5 19. Rxa8 Qxa8 20. Ra1 Qb7 21. Be5 c4 22. bxc4 bxc4 23. Rb1 Qa6 24. Bf1 Ba4 25. Qh4 Qa7 26. Bd4 Qa5 27. c3 Bc2 28. Rb7 g5 29. Qxg5+ 1-0

[Event "Noale Szabados Memorial-B 5th"]
[Site "Noale"]
[Date "2012.02.03"]
[Round "1"]
[White "Demiraj, Rumi"]
[Black "Rizzo, Giuseppe"]
[Result "0-1"]
[WhiteElo "1957"]
[BlackElo "1737"]
[PlyCount "64"]
[EventDate "2012.02.03"]
[EventType "swiss"]
[EventRounds "5"]
[EventCountry "ITA"]
[SourceTitle "EXT 2022"]
[Source "ChessBase"]
[SourceDate "2021.10.06"]
[SourceVersion "1"]
[SourceVersionDate "2021.10.06"]
[SourceQuality "1"]

1. e4 Nf6 2. e5 Nd5 3. Nf3 d6 4. d4 dxe5 5. dxe5 Nc6 6. Bb5 Bg4 7. 0-0 Qd7 8. h3 Bh5 9. g4 Bg6 10. Nd4 h5 11. f3 hxg4 12. hxg4 e6 13. c4 Bc5 14. Bxc6 Qxc6 15. cxd5 Qxd5 16. Qa4+ c6 17. Kg2 Qxe5 18. f4 Qe4+ 19. Rf3 Bxd4 20. Nc3 Bxc3 21. Qxe4 Bxe4 22. bxc3 Bxf3+ 23. Kxf3 Rh3+ 24. Ke4 Rxc3 25. Bb2 Rc4+ 26. Ke3 f6 27. Rh1 Kf7 28. Rd1 Ke7 29. Rh1 Rg8 30. g5 Rc2 31. gxf6+ Kf7 32. Bd4 Rxa2 0-1

[Event "Arco op"]
[Site "Arco"]
[Date "2011.12.28"]
[Round "5"]
[White "Rizzo, Giuseppe"]
[Black "Pedrotti, Luciano"]
[Result "1/2-1/2"]
[WhiteElo "1732"]
[BlackElo "1801"]
[PlyCount "61"]
[EventDate "2011.12.26"]
[EventType "swiss"]
[EventRounds "7"]
[EventCountry "ITA"]
[SourceTitle "EXT 2023"]
[Source "ChessBase"]
[SourceDate "2022.10.05"]
[SourceVersion "1"]
[SourceVersionDate "2022.10.05"]
[SourceQuality "1"]

1. d4 Nf6 2. Nf3 b6 3. e3 Bb7 4. Bd3 d6 5. b3 e6 6. Bb2 Be7 7. Nbd2 Nbd7 8. e4 0-0 9. 0-0 Re8 10. c4 Nf8 11. e5 dxe5 12. Nxe5 c5 13. Ndf3 N6d7 14. Nxd7 Nxd7 15. Ne5 Bf6 16. Bxh7+ Kf8 17. Qh5 Bxe5 18. dxe5 Qc7 19. Rfe1 Rad8 20. Be4 Nb8 21. Bxb7 Qxb7 22. Rad1 Nc6 23. Rxd8 Rxd8 24. Qh8+ Ke7 25. Qxg7 Qd7 26. h4 Qd2 27. Qg5+ Qxg5 28. hxg5 Rd2 29. Rb1 Re2 30. Kf1 Re4 31. Re1 1/2-1/2

[Event "Arco op 33rd"]
[Site "Arco"]
[Date "2011.10.28"]
[Round "7"]
[White "Helbig, Dieter"]
[Black "Rizzo, Giuseppe"]
[Result "1/2-1/2"]
[WhiteElo "1877"]
[BlackElo "1732"]
[PlyCount "57"]
[EventDate "2011.10.22"]
[EventType "swiss"]
[EventRounds "9"]
[EventCountry "ITA"]
[SourceTitle "EXT 2012"]
[Source "ChessBase"]
[SourceDate "2011.11.24"]
[SourceVersion "1"]
[SourceVersionDate "2011.11.24"]
[SourceQuality "1"]

1. c4 e5 2. Nc3 Nf6 3. g3 d5 4. cxd5 Nxd5 5. Bg2 Nb6 6. Nf3 Nc6 7. 0-0 Be7 8. d3 0-0 9. h3 Be6 10. b3 Qd7 11. Kh2 Rad8 12. Bb2 f5 13. Qc1 h6 14. Ba3 Nd5 15. Bxe7 Qxe7 16. Nh4 Qf7 17. Nxd5 Bxd5 18. Bxd5 Qxd5 19. Qc2 Rd7 20. Rad1 Nd4 21. Qb2 Qf7 22. e3 Nc6 23. d4 exd4 24. exd4 Rfd8 25. Nf3 Qf6 26. Qc2 Nxd4 27. Nxd4 Rxd4 28. Rxd4 Qxd4 29. Qxc7 1/2-1/2

[Event "Arco op 33rd"]
[Site "Arco"]
[Date "2011.10.27"]
[Round "6"]
[White "Rizzo, Giuseppe"]
[Black "Mumelter, Igor"]
[Result "0-1"]
[WhiteElo "1732"]
[BlackElo "1876"]
[PlyCount "62"]
[EventDate "2011.10.22"]
[EventType "swiss"]
[EventRounds "9"]
[EventCountry "ITA"]
[SourceTitle "EXT 2012"]
[Source "ChessBase"]
[SourceDate "2011.11.24"]
[SourceVersion "1"]
[SourceVersionDate "2011.11.24"]
[SourceQuality "1"]

1. d4 Nf6 2. Nf3 e6 3. e3 c5 4. Bd3 Nc6 5. 0-0 Be7 6. b3 0-0 7. Bb2 d5 8. a3 b6 9. Nbd2 Bb7 10. Ne5 Rc8 11. f4 Bd6 12. Rf3 cxd4 13. exd4 Qe7 14. Rh3 g6 15. Ndf3 Ne4 16. Bxe4 dxe4 17. Ng5 Nxe5 18. dxe5 Bc5+ 19. Kh1 Rcd8 20. Qe2 e3 21. Nxh7 Rd2 22. Nf6+ Qxf6 23. Qxd2 Qxf4 24. Qe2 Rd8 25. Rd1 Rd2 26. Rxd2 exd2 27. Rd3 Ba6 28. Rd8+ Kg7 29. Qd1 Be3 30. h3 Qf2 31. c4 Qe1+ 0-1

[Event "Arco op 33rd"]
[Site "Arco"]
[Date "2011.10.23"]
[Round "2"]
[White "Rizzo, Giuseppe"]
[Black "Di Lazzaro, Gabriele"]
[Result "1/2-1/2"]
[WhiteElo "1732"]
[BlackElo "1890"]
[PlyCount "79"]
[EventDate "2011.10.22"]
[EventType "swiss"]
[EventRounds "9"]
[EventCountry "ITA"]
[SourceTitle "EXT 2012"]
[Source "ChessBase"]
[SourceDate "2011.11.24"]
[SourceVersion "1"]
[SourceVersionDate "2011.11.24"]
[SourceQuality "1"]

1. d4 Nf6 2. Nf3 c5 3. e3 b6 4. Bd3 Bb7 5. 0-0 g6 6. Nc3 Bg7 7. e4 cxd4 8. Nxd4 0-0 9. Be3 Nc6 10. Nxc6 dxc6 11. Qd2 Qc7 12. h3 Rfd8 13. Rad1 c5 14. Qe2 a6 15. a4 Qc6 16. f3 Nh5 17. Bf2 Nf4 18. Qe1 c4 19. Be2 b5 20. axb5 axb5 21. Rxd8+ Rxd8 22. Nd1 b4 23. c3 b3 24. Ne3 Nxe2+ 25. Qxe2 e6 26. Rd1 Rxd1+ 27. Nxd1 Qd7 28. Be3 h5 29. Kf2 Kh7 30. Qd2 Qc7 31. Kg1 f5 32. exf5 exf5 33. Bf4 Qc5+ 34. Kh2 Bd5 35. Ne3 Bg8 36. Qd7 Kh8 37. Qe8 Kh7 38. Qd7 Kh8 39. Qe8 Kh7 40. Qd7 1/2-1/2

[Event "Padova op-A 13th"]
[Site "Padova"]
[Date "2010.12.15"]
[Round "5.19"]
[White "Lodi, Paolo"]
[Black "Rizzo, Giuseppe"]
[Result "1-0"]
[WhiteElo "1641"]
[BlackElo "1671"]
[PlyCount "77"]
[EventDate "2010.12.12"]
[EventType "swiss"]
[EventRounds "9"]
[EventCountry "ITA"]
[SourceTitle "EXT 2024"]
[Source "ChessBase"]
[SourceDate "2023.10.10"]
[SourceVersion "1"]
[SourceVersionDate "2023.10.10"]
[SourceQuality "1"]

1. Nf3 g6 2. c4 Bg7 3. g3 b6 4. Bg2 Bb7 5. d3 d6 6. Nc3 Nd7 7. 0-0 e6 8. Qc2 Ne7 9. Rb1 0-0 10. b3 e5 11. e4 Nc5 12. Be3 Ne6 13. Qd2 Nc6 14. Bh6 Ncd4 15. Bxg7 Kxg7 16. Nxd4 Nxd4 17. Ne2 Ne6 18. h4 c5 19. Bh3 Bc8 20. Kg2 Nd4 21. Nxd4 Bxh3+ 22. Kxh3 cxd4 23. f3 Qd7+ 24. Kg2 f5 25. h5 f4 26. hxg6 fxg3 27. Rh1 hxg6 28. Qh6+ Kf6 29. Qh4+ Ke6 30. Qg4+ Ke7 31. Rh7+ Rf7 32. Qg5+ Kf8 33. Rh8+ Kg7 34. Rxa8 Qb7 35. Qd8 g5 36. Rh1 Kg6 37. Qh8 Rg7 38. Rh6+ Kf7 39. Qf8# 1-0

[Event "Padova op-A 13th"]
[Site "Padova"]
[Date "2010.12.14"]
[Round "4.20"]
[White "Rizzo, Giuseppe"]
[Black "Bozzao, Francesco"]
[Result "1/2-1/2"]
[WhiteElo "1671"]
[BlackElo "1881"]
[PlyCount "73"]
[EventDate "2010.12.12"]
[EventType "swiss"]
[EventRounds "9"]
[EventCountry "ITA"]
[SourceTitle "EXT 2024"]
[Source "ChessBase"]
[SourceDate "2023.10.10"]
[SourceVersion "1"]
[SourceVersionDate "2023.10.10"]
[SourceQuality "1"]

1. d4 Nf6 2. Nf3 e6 3. Bf4 Be7 4. Nbd2 d6 5. e4 Nbd7 6. Bd3 Nh5 7. Be3 Nhf6 8. Qe2 c6 9. c4 Qc7 10. 0-0 e5 11. b4 0-0 12. h3 Re8 13. d5 c5 14. b5 Bf8 15. Nh2 g6 16. f4 exf4 17. Bxf4 Bg7 18. Rae1 a6 19. a4 axb5 20. axb5 Nh5 21. Be3 Ng3 22. Qf3 Nxf1 23. Rxf1 Ne5 24. Qe2 Ra3 25. Bb1 Qa5 26. Nhf3 Nxf3+ 27. Rxf3 Rxe3 28. Rxe3 Bd4 29. Nb3 Bxe3+ 30. Qxe3 Qb4 31. Nd2 f5 32. Qf4 fxe4 33. Bxe4 Bf5 34. Bxf5 gxf5 35. Qg5+ Kh8 36. Qf6+ Kg8 37. Qg5+ 1/2-1/2

[Event "Padova op-A 13th"]
[Site "Padova"]
[Date "2010.12.12"]
[Round "1.17"]
[White "Rizzo, Giuseppe"]
[Black "Boscolo Meneguolo, Federico"]
[Result "0-1"]
[WhiteElo "1671"]
[BlackElo "2179"]
[PlyCount "54"]
[EventDate "2010.12.12"]
[EventType "swiss"]
[EventRounds "9"]
[EventCountry "ITA"]
[SourceTitle "EXT 2024"]
[Source "ChessBase"]
[SourceDate "2023.10.10"]
[SourceVersion "1"]
[SourceVersionDate "2023.10.10"]
[SourceQuality "1"]

1. d4 Nf6 2. Nf3 g6 3. Bf4 Bg7 4. e3 d6 5. Nbd2 0-0 6. h3 Nfd7 7. Bg3 Nc6 8. c3 e5 9. Be2 f5 10. Qb3+ Kh8 11. Bh4 Qe8 12. Ng5 Nf6 13. Bb5 exd4 14. cxd4 Nxd4 15. Bxe8 Nxb3 16. Nxb3 Rxe8 17. 0-0 h6 18. Nf3 Ne4 19. Nbd4 Bd7 20. Rfe1 c5 21. Ne2 Bc6 22. Rab1 a5 23. Red1 a4 24. Nd2 a3 25. Nc4 axb2 26. Nxd6 Nxd6 27. Rxd6 Be4 0-1

[Event "Arco op 32nd"]
[Site "Arco"]
[Date "2010.10.23"]
[Round "8"]
[White "Rizzo, Giuseppe"]
[Black "Savarese, Vincenzo"]
[Result "1/2-1/2"]
[WhiteElo "1659"]
[BlackElo "1808"]
[PlyCount "53"]
[EventDate "2010.10.16"]
[EventType "swiss"]
[EventRounds "9"]
[EventCountry "ITA"]
[SourceTitle "EXT 2024"]
[Source "ChessBase"]
[SourceDate "2023.10.10"]
[SourceVersion "1"]
[SourceVersionDate "2023.10.10"]
[SourceQuality "1"]

1. d4 d5 2. Nf3 Nf6 3. c3 g6 4. Bf4 Bg7 5. e3 0-0 6. h3 Nbd7 7. Nbd2 c5 8. Bd3 cxd4 9. cxd4 b6 10. Rc1 Ne8 11. 0-0 Bb7 12. Qe2 Ndf6 13. Ne5 Nd6 14. f3 Rc8 15. b3 Re8 16. Rfe1 Nh5 17. Bh2 f6 18. Ng4 e5 19. dxe5 fxe5 20. Nf2 Qh4 21. Nf1 Qb4 22. Qd2 Qxd2 23. Nxd2 Nf6 24. Bb1 Bh6 25. Nf1 Ba6 26. Bd3 Bb7 27. Rcd1 1/2-1/2

[Event "Arco op 32nd"]
[Site "Arco"]
[Date "2010.10.18"]
[Round "3"]
[White "Rizzo, Giuseppe"]
[Black "Tomassoni, Leonardo"]
[Result "1-0"]
[WhiteElo "1659"]
[BlackElo "1935"]
[PlyCount "31"]
[EventDate "2010.10.16"]
[EventType "swiss"]
[EventRounds "9"]
[EventCountry "ITA"]
[SourceTitle "EXT 2024"]
[Source "ChessBase"]
[SourceDate "2023.10.10"]
[SourceVersion "1"]
[SourceVersionDate "2023.10.10"]
[SourceQuality "1"]

1. d4 d5 2. Nf3 Nf6 3. c3 e6 4. Bf4 Nbd7 5. Nbd2 h6 6. h3 Be7 7. e3 a6 8. Bd3 Nh5 9. Bh2 0-0 10. Qe2 f5 11. g4 fxg4 12. hxg4 Nhf6 13. g5 hxg5 14. Nxg5 Nb6 15. Be5 Ne4 16. Rh8+ 1-0

[Event "Padova op-A 6th"]
[Site "Padova"]
[Date "2003.12.17"]
[Round "5.15"]
[White "Adami, Igor"]
[Black "Rizzo, Giuseppe"]
[Result "0-1"]
[WhiteElo "1500"]
[BlackElo "1503"]
[PlyCount "98"]
[EventDate "2003.12.13"]
[EventType "swiss"]
[EventRounds "9"]
[EventCountry "ITA"]
[SourceTitle "EXT 2024"]
[Source "ChessBase"]
[SourceDate "2023.10.10"]
[SourceVersion "1"]
[SourceVersionDate "2023.10.10"]
[SourceQuality "1"]

1. d4 Nf6 2. c4 g6 3. Nc3 d5 4. Nf3 Bg7 5. Bf4 c5 6. e3 cxd4 7. exd4 Nc6 8. Bd3 0-0 9. Rc1 Bg4 10. h3 Bxf3 11. Qxf3 Nxd4 12. Qe3 dxc4 13. Bxc4 Nh5 14. Bh6 Nf5 15. Rd1 Nxe3 16. Rxd8 Nxg2+ 17. Kf1 Raxd8 18. Bxg7 Kxg7 19. Kxg2 Rd2 20. Na4 a6 21. Nc5 Rxb2 22. Bb3 a5 23. Rd1 b5 24. Kf3 Rc8 25. Nd3 Rc3 26. Ke3 a4 27. Kd4 Rcxb3 28. axb3 Rxb3 29. Rc1 Nf6 30. Rc8 e6 31. Rb8 Nd5 32. f4 b4 33. Nc5 Rxh3 34. Nxa4 Nxf4 35. Rxb4 Nd5 36. Rc4 Ne3 37. Rc3 Nf5+ 38. Kc4 Rxc3+ 39. Nxc3 Kf6 40. Kd3 Ke5 41. Ke2 Kf4 42. Kf2 Nd4 43. Na4 e5 44. Nc5 e4 45. Nd7 e3+ 46. Ke1 Kf5 47. Nb6 Ke4 48. Nc4 f6 49. Na3 Kd3 0-1

[Event "Padova op-A 6th"]
[Site "Padova"]
[Date "2003.12.16"]
[Round "4.14"]
[White "Rizzo, Giuseppe"]
[Black "Cipolotti, Piersilvio"]
[Result "0-1"]
[WhiteElo "1503"]
[BlackElo "1591"]
[PlyCount "96"]
[EventDate "2003.12.13"]
[EventType "swiss"]
[EventRounds "9"]
[EventCountry "ITA"]
[SourceTitle "EXT 2024"]
[Source "ChessBase"]
[SourceDate "2023.10.10"]
[SourceVersion "1"]
[SourceVersionDate "2023.10.10"]
[SourceQuality "1"]

1. e4 Nc6 2. d4 e5 3. d5 Nce7 4. Nc3 Ng6 5. Bd2 Bc5 6. g3 Nf6 7. Bg2 d6 8. h3 Bd7 9. Qe2 a6 10. Nf3 Qe7 11. a3 0-0 12. Nd1 h6 13. b4 Ba7 14. a4 c6 15. c4 cxd5 16. cxd5 Rfc8 17. Nc3 Bb6 18. 0-0 Qe8 19. Rfc1 Bd8 20. Ne1 b5 21. a5 Rc4 22. Nd3 Rac8 23. Ra3 Nh7 24. f4 exf4 25. gxf4 f6 26. f5 Ne5 27. Nf4 Rxb4 28. Na2 Rbc4 29. Rxc4 Nxc4 30. Rg3 Bxa5 31. Nh5 Bxd2 32. Nxg7 Qe5 33. Nh5+ Ng5 34. h4 Kh7 35. hxg5 Bxg5 36. Nb4 Qa1+ 37. Kh2 Ne5 38. Nd3 Nxd3 39. Rxd3 Rc3 40. Rd1 Rc1 41. Rd3 Qe5+ 42. Ng3 a5 43. Bf3 a4 44. Bh5 Be8 45. Kg2 b4 46. Bg6+ Kh8 47. Bxe8 Qxe8 48. Rf3 b3 0-1

[Event "Padova op-A 6th"]
[Site "Padova"]
[Date "2003.12.15"]
[Round "3.15"]
[White "Fragni, Enrico"]
[Black "Rizzo, Giuseppe"]
[Result "1-0"]
[WhiteElo "1447"]
[BlackElo "1503"]
[PlyCount "105"]
[EventDate "2003.12.13"]
[EventType "swiss"]
[EventRounds "9"]
[EventCountry "ITA"]
[SourceTitle "EXT 2024"]
[Source "ChessBase"]
[SourceDate "2023.10.10"]
[SourceVersion "1"]
[SourceVersionDate "2023.10.10"]
[SourceQuality "1"]

1. c4 Nf6 2. Nc3 g6 3. Nf3 c5 4. e4 d6 5. h3 Bg7 6. Be2 Nc6 7. d3 0-0 8. Bg5 h6 9. Bh4 Nh7 10. Qd2 Qa5 11. 0-0 e6 12. Bg3 e5 13. Bh2 Be6 14. g4 Qd8 15. Kh1 Nd4 16. Bg3 f5 17. gxf5 gxf5 18. Nxd4 cxd4 19. Nd5 Bxd5 20. cxd5 f4 21. Bh2 f3 22. Bd1 Qh4 23. Rg1 Qxh3 24. Rg3 Qh5 25. Qe1 Ng5 26. Ba4 Rf7 27. Rc1 Raf8 28. Rc2 a6 29. Qc1 b5 30. Bb3 Kh7 31. Rc6 Rf4 32. Rc7 Rg4 33. Qg1 Rh4 34. Bd1 Kh8 35. Rd7 Rff4 36. Rd8+ Kh7 37. Rd7 Rxh2+ 38. Qxh2 Rh4 39. Qxh4 Qxh4+ 40. Kg1 Qf4 41. Kh2 h5 42. Kh1 h4 43. Rg1 Nf7 44. Rc7 Kh6 45. Re7 Ng5 46. Rd7 Bf8 47. Rd8 Kg6 48. Ra8 Kf6 49. Rxf8+ Nf7 50. Rgg8 Qc1 51. Rg1 Qxb2 52. Bxf3 Qxf2 53. Bh5 1-0

[Event "Padova op-A 5th"]
[Site "Padova"]
[Date "2002.12.15"]
[Round "2.36"]
[White "Velluti, Alberto"]
[Black "Rizzo, Giuseppe"]
[Result "0-1"]
[WhiteElo "1612"]
[BlackElo "1527"]
[PlyCount "62"]
[EventDate "2002.12.14"]
[EventType "swiss"]
[EventRounds "6"]
[EventCountry "ITA"]
[SourceTitle "EXT 2023"]
[Source "ChessBase"]
[SourceDate "2022.10.05"]
[SourceVersion "1"]
[SourceVersionDate "2022.10.05"]
[SourceQuality "1"]

1. e4 Nf6 2. Nc3 d5 3. exd5 Nxd5 4. Nxd5 Qxd5 5. Nf3 Bg4 6. Be2 e5 7. d3 Nc6 8. 0-0 0-0-0 9. a3 Be7 10. b4 e4 11. Ne1 Bxe2 12. Qxe2 Bf6 13. dxe4 Qe6 14. Rb1 Rhe8 15. f3 Qa2 16. Rb3 Nd4 17. Qc4 Nxb3 18. cxb3 Rd7 19. Nc2 b5 20. Qc6 Kd8 21. Be3 Rd6 22. Qc5 Re5 23. Qc3 Ree6 24. Nd4 Bxd4 25. Bxd4 f6 26. Rc1 Rc6 27. Bc5 Red6 28. Qe3 Rd2 29. Be7+ Kd7 30. Bc5 Rxg2+ 31. Kf1 Qd2 0-1